Manuale di geometria. Adatta alle arti ed ai mestieri [di Gennaro Pianese, Giuseppe Piccone]

Gespeichert in:
Bibliographische Detailangaben
1. Verfasser: Pianese, Gennaro.Piccone, Giuseppe.
Format: Buch
Sprache:Italienisch
Erschienen: Torino Roux e Favale 1883
Katalog:EDISCO:  Suchergebnis im Bibliothekskatalog
Schulbuchspezifische Eigenschaften:
Tags: Tag hinzufügen
Keine Tags, Fügen Sie den ersten Tag hinzu!
Hinzugefügt zu:30.04.2016
Geändert in:18.10.2017

MARC

LEADER 00000aam a22000007 4500
001 07654
003 OSt
005 20171018100142.0
008 160501s1883 it 000 0 ita
040 |c Gianfranco Bandini - Firenze - CLIO 
041 1 |a ita 
100 1 |a Pianese, Gennaro.Piccone, Giuseppe. 
245 0 0 |a Manuale di geometria. Adatta alle arti ed ai mestieri [di Gennaro Pianese, Giuseppe Piccone] 
260 |a Torino  |b Roux e Favale  |c 1883 
300 |a 191, 152 i, 1/x ;  
901 |a 7 
942 |2 ddc  |c BK 
546 |a ita 
999 |c 7643  |d 7643 
999 |c edisco:7643  |d 7643